000 00517nam a2200229Ia 4500
005 20251020182539.0
008 200515s9999 xx 000 0 und d
082 _a728.12.006.9/J63
100 _aJodidio, Philip
245 0 _aGreen : architecture now
260 _as.l
260 _bTaschen
260 _cs.f
300 _a415 p.
300 _bil.
500 _a1 ejemplar
650 _aARQUITECTURA
650 _aARQUITECTURA SOSTENIBLE
650 _aMEDIO AMBIENTE
942 _cLIB
999 _c2338
_d2338